[Event "EU-ch 3rd"]
[Site "Batumi"]
[Date "2002.06.23"]
[Round "11"]
[White "Aronian, Levon"]
[Black "Bagirov, Rufat"]
[Result "1-0"]
[WhiteElo "2571"]
[BlackElo "2516"]
[Annotator "Ribli,Z"]
[PlyCount "105"]
[EventDate "2002.06.12"]
[EventType "swiss"]
[EventRounds "13"]
[EventCountry "GEO"]
[SourceTitle "CBM 090"]
[Source "ChessBase"]
[SourceDate "2002.09.20"]
[SourceVersion "1"]
[SourceVersionDate "2002.09.20"]
[SourceQuality "1"]

1. d4 d5 2. c4 e6 3. Nf3 Nf6 4. Nc3 Bb4 5. Bg5 Nbd7 {Dieser Springerzug ist
die eigentliche Hauptvariante in der Ragozin-Variante.} 6. cxd5 exd5 7. Qc2 {
Dieser Zug wurde von Kramnik selbst in die Turnierpraxis eingeführt (in der
Partie Kramnik,V-Serper,G/Dortmund 1993). Die Idee des Zuges ist, dass Weiß
spielt nicht 7.e3 (was waere die alte Variante), so dass er im Falle von 7...
c5 den g5B auf d2 zurückziehen kann.} O-O (7... c5 8. dxc5 Qa5 9. Bd2 $14) (
7... h6 8. Bh4 c5 9. e3 Qa5 10. Bd3 O-O 11. O-O c4 12. Bf5 $14 {Diese Variante
ist die andere Pointe des Zugs 7.Qc2 - ohne h6 - Bh4 das waere eine
Grundstellung der Variante 7.e3 (statt 7.Qc2), wo Schwarz kann g7 - g6 spielen.
Jetzt g7 - g6 ist nicht moeglich.}) 8. a3 Bxc3+ (8... Be7 9. e3 b6 10. Bd3 Bb7
11. O-O c5 12. Rad1 $14) 9. Qxc3 h6 (9... c6 10. e3 (10. Nd2 $5) 10... Qe8 11.
Qc2 (11. Nd2 Ne4 12. Nxe4 {1/2-1/2 Garcia Ilundain,D-Giorgadze,G/Barcelona
2000/CBM 77 ext (12)}) 11... Ne4 12. Bf4 Ndf6 13. h3 Nh5 14. Be5 f6 15. Bh2 f5
16. Bd3 f4 17. O-O fxe3 18. fxe3 Nhf6 19. Ne5 Be6 {1/2-1/2 Beliavsky,A-Delchev,
A/Moscow 2001/CBM 86/[Kostakiev,D] (33)}) 10. Bh4 c6 (10... c5 11. dxc5 g5 12.
Bg3 Ne4 13. Qc2 Ndxc5 14. e3 Bd7 15. Nd4 Ba4 16. Qe2 Ne6 17. Nxe6 fxe6 18. f3
Nc5 19. Be5 Rc8 20. Bc3 Qe8 21. h4 g4 22. h5 e5 {0-1 Postny,E-Milov,V/Moscow
RUS 2002/(46)}) 11. Nd2 $5 (11. e3 Qe8 12. Nd2 (12. Bd3 Ne4 13. Qc2 Nb6 14. O-O
Bf5 15. a4 Qe6 16. Nd2 Nd6 17. Nb3 Bxd3 18. Qxd3 Nf5 19. Nc5 Qg6 20. Bg3 Nxg3
21. hxg3 Qxd3 22. Nxd3 Nc4 {1/2-1/2 Markos,J-Luther,T/Istanbul TUR 2000/(40)})
12... Ne4 13. Qc2 Nb6 14. Bd3 Bf5 15. Bg3 Qe6 16. O-O Rac8 17. Rfc1 Bg6 {
0-1 Ruck,R-Milov,V/Ohrid 2001/CBM 84 (79)}) 11... Qe8 {Auf diese Weise
vermeidet Schwarz die Fesselung des f6-Springers und er kann seine Dame auf e6
platzieren.} (11... g5 12. Bg3 Ne4 13. Nxe4 dxe4 14. h4 Nb6 15. hxg5 Nd5 16.
Qc5 (16. Qc2 Qa5+ 17. Qd2 $1 (17. Kd1 $6 e3 $1 $13) 17... Qxd2+ 18. Kxd2 hxg5
19. e3 $14) 16... hxg5 17. e3 Re8 18. Bc4 Be6 19. Kd2 f6 20. Rh6 Kg7 21. Rah1 {
1-0 Schlosser,P-Wirthensohn,H/Baden 2001/EXT 2002 (70)}) 12. f3 Qe6 13. e3 b6
$146 {[%cal Gc8b7,Gc6c5]} (13... Nb6 14. Bf2 (14. O-O-O) 14... Nh5 15. g4 Nf4
16. O-O-O $14 Ng6 17. Bd3 Bd7 18. Kb1 Na4 19. Qc2 c5 $5 20. dxc5 Rac8 21. e4 $1
{[%cal Gf2c5] 1/2-1/2 Karpov,A-Milov,V/Buenos Aires 2000/CBM 80/[Ribli] (38)})
(13... Re8 14. Bf2) 14. Be2 Re8 15. Bf2 c5 (15... a5 $5 {[%cal Gc8a6,Ga6e2]}
16. O-O Ba6 $11 {Nach diesem Zug kann Schwarz mindestens den weißfeldrigen
Läufer tauschen.}) 16. O-O $14 {Weiß hat das Läuferpaar und - ich glaube - Dr.
Tarrasch würde hier auch sagen: "es ist nicht wichtig, dass zwei Läufer mehr
oder weniger wirken, wichtig ist, dass sie sich auf dem Brett befinden!" Jetzt
steht der f2B nicht besonders aktiv, aber später wird er ins Spiel komemn.
Diese Stellung erinnert mich an eine Stellung der Nimzoindischen Verteidigung,
4.Qc2 0-0 5.a3 Variante.} Bb7 (16... c4 $6 17. e4 $36) 17. b3 {Mit diesem
prophyilaktischen Zug verhindert Weiß c5-c4.} Rac8 18. Rfe1 {Weiß verteidigt
den e2-Läufer und bereitet das Springermanöver Nf1-g3 vor.} cxd4 (18... a6 {
[%cal Gb6b5]}) 19. Qxd4 {[%csl Gd4] Die weiße Dame steht aktiv auf d4 und
Schwarz kann sie nicht verjagen.} Qc6 {[%cal Gc8c1]} 20. Nf1 {[%cal Gf1g3,
Gg3f5][%mdl 32] Der Springer zielt nach f5, und er kann von f5 nach d4
zurückkommen.} Qc3 21. Rab1 (21. Qxc3 Rxc3 $11) 21... Nf8 (21... Qxd4 22. exd4
Nf8 $14) (21... Ne5 $5) 22. Qxc3 Rxc3 23. Ng3 {[%cal Gg3f5,Gf5d4]} g6 $6 {
Auf diese Weise verteidigt sich Schwarz gegen 24.Nf5, aber der Bauernzug
schwächt die schwarze Königsstellung.} (23... Ne6 $14) 24. Bb5 Rec8 (24... Bc6
25. Ne2 Rc5 26. Bd3 $14) 25. Ne2 R3c5 26. a4 Ne6 27. Bg3 {[%csl Gb5,Gg3][%cal
Gg3d6,Gd6c5] Endlich kommt der dunkelfarbige Läufer ins Spiel.} (27. e4 R5c7
28. e5 Nd7 29. Nd4 $14) 27... a6 28. Bd3 a5 29. h4 (29. b4 axb4 30. Rxb4 Nd7
31. Nd4 $14) 29... Nd7 $6 (29... h5 $14) 30. h5 g5 (30... gxh5 $5) 31. Nd4 {
[%csl Yf5][%cal Gd4b5,Gb5d6,Gd4f5]} Nxd4 32. exd4 Rc3 33. Bf5 Rd8 {[%csl Gf5,
Gg3]} 34. Rbc1 $16 {Weiß hat das Läuferpaar und er kontrolliert die c-Linie.
Schwarz hat kein Gegenspiel.} Rxc1 35. Rxc1 {[%csl Gc7][%cal Rc1c7][%mdl 4096]}
Nf6 (35... Rc8 $2 36. Bc7 $18) 36. Bc7 (36. Rc7 Nxh5 37. Be5 $16) 36... Re8 37.
g4 {Weiß muss sich nicht beeilen mit dem Zug Bxb6.} (37. Bxb6) 37... Bc8 38.
Bd3 Re3 39. Be5 Be6 (39... Rxd3 $2 40. Rxc8+ Kg7 41. Rc6 Rxf3 42. Rxb6 (42. Kg2
$18)) 40. Bf5 $1 Ne8 (40... Bxf5 41. gxf5 $18 Nxh5 42. Rc8+ Kh7 43. Rh8#) 41.
Bxe6 fxe6 42. Rc6 {[%cal Rc6b6,Rc6h6]} Kf7 (42... Rxb3 43. Rxe6 Kf7 44. Rxh6
Rxf3 45. Rxb6 $18 {[%csl Gh5]}) 43. Rxb6 Rxf3 44. Kg2 Rc3 45. Rb5 {Es hängt
der a5P und der e8N kann nicht wirken.} Ke7 (45... Nf6 $2 46. Rb7+ $18) 46.
Rxa5 Rxb3 47. Ra7+ Kf8 48. a5 $18 {[%csl Ga5,Ge5,Re8] Der weiße a-Freibauer
entscheidet die Partie. Die Stellung ist materiell gleich, aber wir sehen
einen ganz großen Unterschied zwischen den weißen und schwarzen Figuren.} Rb2+
49. Kf3 Ra2 50. Ke3 Ra3+ 51. Kd2 Rf3 52. a6 Ra3 53. Kc2 1-0

[Event "Budapest FS12 GM-A"]
[Site "Budapest"]
[Date "2001.12.11"]
[Round "11"]
[White "Horvath, Jozsef"]
[Black "Bokros, Albert"]
[Result "1-0"]
[WhiteElo "2551"]
[BlackElo "2429"]
[Annotator "Ribli,Z"]
[PlyCount "57"]
[EventDate "2001.11.01"]
[EventType "tourn"]
[EventRounds "13"]
[EventCountry "HUN"]
[EventCategory "10"]
[SourceTitle "CBM 087"]
[Source "ChessBase"]
[SourceDate "2002.03.21"]
[SourceVersion "1"]
[SourceVersionDate "2002.03.21"]
[SourceQuality "1"]

1. Nf3 Nf6 2. c4 e6 3. Nc3 {Das ist eine schlaue Zugfolge - auf diese Weise
umgeht Weiß die nach 3.d4 mögliche und populäre Damenindische Verteidigung (3..
.b6), denn auf 3...b6 kommt jetzt 4.e4, und auch die Bogoindische Verteidigung
(3.d3 Bb4+) ist nicht möglich.} d5 4. d4 Bb4 5. cxd5 (5. Bg5) 5... exd5 6. Bg5
h6 7. Bxf6 {Dieser Zug führt zu einfachem Spiel, in dem Weiß die Inititive
innehat.} Qxf6 8. Qb3 Nc6 {Mit dem Textzug verbaut sich Schwarz die
Möglichkeit zu c7-c5, zudem steht der Springer nicht sonderlich gut auf c6.} (
8... Qd6 9. a3 Bxc3+ 10. Qxc3 O-O 11. Rc1 c6 12. e3 $14 {In dieser für das
Damengambit typischen Stellung kann Weiß in der Folge den üblichen
Minoritäts-Angriff mit b2-b4 und b5 führen.}) (8... c5 {Das wäre die Antwort
von Schwarz. Hier hat er Chancen auf aktives Gegenspiel.}) 9. e3 (9. Qxd5 $5 {
Das sofortige Schlagen des Bauern kommt auch in Betracht.}) 9... O-O (9... Be6
10. Bb5 Bxc3+ 11. Qxc3 Bd7 12. O-O O-O 13. Rfc1 Bg4 14. Ne1 Bd7 15. Qb3 Qd6 16.
Bxc6 Bxc6 17. Nd3 {[%cal Gd3b4,Gd3e5,Gc1c8]} b6 18. Qb4 $16 {1-0 Shishkin,
V-Ginzburg,M/Polanica Zdroj POL 2001/(42)}) (9... Qd6 10. Bd3 Bg4 11. O-O Bxf3
12. gxf3 O-O-O 13. Rfc1 a6 14. Na4 Bd2 15. Rc5 $16 {1-0 Epishin,V-Tal,M/
Tallinn 1988/EXT 2000 (34)}) 10. Qxd5 {Weiß nimmt den Bauern, wonach Schwarz
in der Tat etwas Initiative bekommt. Das weiße Zentrum mit den Bauern auf
e3-d4 ist aber so stark, dass Weiß keine Angst zu haben braucht.} Be6 (10...
Re8 11. Be2 Qg6 (11... Be6 12. Qb5 a6 13. Qd3 Rad8 14. O-O $16 {1/2-1/2
Cramling,D-Valkesalmi,K/Groningen 1978/EXT 2001 (59) Schwarz hat aktive
Figurenspiel, aber das ist keine ausreichende Kompensation fuer den Bauern.})
12. O-O Be6 13. Qb5 Bh3 14. Nh4 Qf6 15. Qh5 $16 {1-0 Hort,V-Sofrevski,J/Skopje
1968/MCD (45)}) (10... Rd8 11. Qb3 Bh3 12. O-O-O Bxc3 13. Qxc3 Bg4 14. d5 {
1-0 Szypulski,A-Mandekic,I/Warsaw 1988/EXT 97 (31)} (14. Be2 $16)) 11. Qb5 (11.
Qh5 Rad8 {[%cal Gd8d5]} 12. Be2 Rd5 13. Qh4 g5 14. Qg3 Qg6 $132 {[%csl Rg3]} (
14... Bd6 $2 15. Nxd5 Bxd5 16. Qg4 $18)) 11... Qg6 $6 (11... a6 $1 12. Qxb7 (
12. Qa4 Qg6 $132) 12... Bd5 $132 {[%csl Rb7]}) 12. O-O-O $6 {[%mdl 16384] Hier
wählt Weiß eine sehr riskante Fortsetzung. Die lange Rochade ist durchaus
untypisch im Damengambit, hier hebt Weiß damit die Fesslung des Nc3 auf und
verhindert das Eindringen der schwarzen Dame nach c2. Schwarz muss jetzt etwas
Konkretes zeigen, sonst hat er einfach einen Bauern weniger, ohne Gegenspiel.}
(12. Be2 Qc2 $1 {[%csl Gc2]} (12... Qxg2 13. Rg1 Qh3 14. d5 $18 (14. Rg3 $2 Qf5
$11)) 13. O-O Qxb2 14. Na4 Qa3 15. Rfc1 $2 (15. Nc5 Bxc5 16. Qxc5 Qxc5 17. dxc5
Rfd8 $11) 15... a6 16. Qxb7 Na5 17. Qe4 Qxa4 18. d5 Bd7 19. Bd1 Qa3 20. Rxc7
$17) (12. Qd3 Bf5 13. Qd2 Be4 14. a3 Bxc3 15. Qxc3 $16) 12... Bxc3 13. bxc3
Bxa2 $8 $13 {Ob das nun objektiv gut oder schlecht ist - es ist die einzige
Chance für Schwarz. Richtig ist jedenfalls, daß sich der Ba2 in großer Not
befindet.} 14. d5 {[%csl Ra2] Jetzt hängt der Nc6 und der Ba2 ist
eingeschlossen.} (14. Kb2 a6 (14... Be6 15. d5 {[%cal Rd5e6,Rd5c6]}) 15. Qd3 (
15. Qc5 b6 16. Qa3 Bd5) 15... Bd5 16. Qxg6 fxg6 17. Be2 g5 18. c4 Be4 19. h3 a5
$11) (14. c4 a5 $36 {[%cal Gc6b4]}) 14... Ne7 15. c4 Qb6 $1 (15... Qf6 16. Kc2
$1 {Jetzt droht 17.Qb2 Qa6 18.Ra1.} (16. Qb2 Qa6 17. Qc3 $13) 16... Qb6 17. Qa4
Nxd5 18. Rxd5 (18. cxd5 Qc5+ 19. Kb2 Bxd5 20. Qd4 $16) 18... Qb1+ 19. Kc3 Qa1+
20. Kd2 $18) 16. Nd4 c6 $2 {Das ist zu langsam - besser wäre 16...c5!.} (16...
c5 $142 $1 17. Qxb6 (17. d6 Nc8 $1 (17... cxd4 18. dxe7 Rfe8 19. Qxb6 axb6 20.
exd4 Rxe7 21. Kb2 $16 {[%csl Ra2]}) 18. Nf5 Qxb5 19. cxb5 Rd8 20. Be2 Be6 (
20... Rd7 $5) 21. Ne7+ Nxe7 22. dxe7 Re8 23. Rd6 Rxe7 24. Rhd1 $15) 17... axb6
18. Nb5 Bb3 19. Re1 (19. Rd2 Bxc4 20. Bxc4 Ra1+ 21. Kb2 Rxh1 $17) 19... Ra2 $36
) 17. Qb2 $1 Qa6 (17... Nxd5 18. cxd5 Bxd5 19. Qc3 $16) 18. d6 Ng6 (18... Nc8
19. Nf5 f6 20. d7 $16) 19. Rd3 $1 {[%cal Rd3a3,Ra3a6,Ra3a2]} (19. Nf5 f6 20.
Qc2 Ne5 $13) 19... Qxc4+ (19... Bxc4 20. Ra3 Bxf1 21. Rxa6 Bxa6 22. Nf5 f6 23.
f4 $16) 20. Rc3 Qd5 21. Rc2 $16 {[%cal Rc2a2][%mdl 1024] Nun gewinnt Weiß
endlich den Ba2.} Qa5 $6 {Durch diesen Zug verspielt Schwarz seine letzte 
(kleine) Chance auf Gegenspiel. Es wäre - natürlich - besser, den Pd6 zu
schlagen.} (21... c5 22. Nb5 $18) (21... Qxd6 22. Nf5 (22. Qxa2 $16) 22... Qe5
23. Qxe5 Nxe5 24. Rxa2 $16) 22. Qxa2 Qe1+ 23. Kb2 Ne5 {Droht eventuell 24...
Nd3+.} (23... Qb4+ 24. Qb3 Qxd6 $16) 24. Qa3 $1 {[%csl Re1] Jetzt kann Schwarz
nicht mehr Qb4! spielen, seine Dame steht daher schlecht auf e1.} b5 25. Nf3
Nxf3 26. gxf3 $18 {Droht 27.Bg2 mit Damenfang.} Qd1 27. Bg2 Qd5 28. Qc5 Qe6 29.
f4 1-0

[Event "New York op"]
[Site "New York"]
[Date "1998.03.21"]
[Round "8"]
[White "Akopian, Vladimir Eduardovic"]
[Black "Ibragimov, Ildar"]
[Result "1-0"]
[WhiteElo "2660"]
[BlackElo "2590"]
[Annotator "Ribli,Z"]
[PlyCount "77"]
[EventDate "1998.03.16"]
[EventType "swiss"]
[EventRounds "9"]
[EventCountry "USA"]
[SourceTitle "CBM 064"]
[Source "ChessBase"]
[SourceDate "1998.06.02"]
[SourceVersion "1"]
[SourceVersionDate "1998.06.02"]
[SourceQuality "1"]

1. Nf3 d5 2. d4 Nf6 3. c4 e6 {Das ist eine kleine Überraschung - GM Ibragimov
ist ein Spezialist des Angenommenen Damengambits, das man mit 3...dxc4
erreicht. Ribli.} 4. Nc3 Bb4 {Die sogenannte Ragosin-Verteidigung - das führt
in der Regel zu taktischen Verwicklungen.} 5. Bg5 (5. cxd5 exd5 (5... Nxd5 $6
6. Bd2 {/\ 6.e4. Weiß hat deutliches Übergewicht im Zentrum.}) 6. Bg5 $14) 5...
h6 (5... dxc4 6. e4 c5 {Dies ist die Grundstellung der Wiener-Variante.}) 6.
Bxf6 Qxf6 7. Qb3 c5 (7... Bxc3+ 8. Qxc3 $14 (8. bxc3 $5 $14 {Weiß hat ein
starkes Zentrum, der schwarze Bc8 hat Entwicklungsprobleme.})) 8. cxd5 exd5 9.
e3 Nc6 (9... O-O $5) 10. Bb5 {Dieser Zug ist gefährlich für Schwarz. In
einigen Varianten gibt Weiß seinen Läufer für den Nc6, und Schwarz kann sein
Läuferpaar kaum halten.} (10. dxc5 Be6 11. Bb5 Bxc5 12. Nxd5 (12. O-O Rd8 13.
e4 dxe4 14. Nxe4 Bxb3 15. Nxf6+ gxf6 16. axb3 O-O 17. Rac1 Bb6 18. Rfe1 Nd4 {
1/2-1/2 Serrer,C-Tompa,J/Noviki-C 1987}) 12... Bxd5 13. Qxd5 Bb4+ 14. Kf1 O-O
15. Qb3 Ba5 16. Rc1 Ne5 17. Ke2 Nxf3 18. gxf3 {Varga,Z-Barkhagen,J/Budapest
FS06 GM 1993/1/2-1/2 (69)}) 10... O-O (10... cxd4 11. Nxd4 (11. Qxb4 dxc3 12.
Qxc3 (12. bxc3 $11) 12... Qxc3+ 13. bxc3 $11) 11... O-O 12. Bxc6 Bxc3+ 13. Qxc3
bxc6 14. Qxc6 $16) (10... Bxc3+ 11. Qxc3 cxd4 (11... O-O 12. Qxc5 $16 {Und
Schwarz besitzt keine Kompensation für den Bauern.}) 12. Qxd4 Qxd4 13. Nxd4 $14
) 11. dxc5 d4 (11... Bxc3+ 12. Qxc3 Qg6 (12... Qxc3+ 13. bxc3 $14 {Weiß hat
einen Bauern mehr, technisch ist dieser Vorteil jedoch wegen des Doppelbauern
c5 und c3 schwer zu realisieren.}) 13. Bxc6 bxc6 (13... Qxg2 $2 14. Rg1 Qxf3
15. Qxg7#) 14. O-O Bh3 15. Nh4 $14) 12. Bxc6 (12. Nxd4 Nxd4 13. exd4 Qxd4 14.
O-O Qxc5 $11) (12. exd4 Nxd4 (12... Re8+ 13. Kf1 {[%cal Gb5e8]}) 13. Nxd4 Qxd4
14. O-O Qxc5 $11) 12... dxc3 13. Qxb4 (13. O-O $6 cxb2 14. Rab1 Bxc5 $15) 13...
cxb2 14. Rb1 bxc6 (14... Qxc6 15. O-O $16) 15. Qxb2 $14 {Nach den
Vereinfachungen hat Weiß einen Mehrbauern, aber Schwarz übt starke Kontrolle
auf den weißen Feldern aus.} Qg6 (15... Qf5 16. O-O Qxc5 17. Rfc1 Qd5 18. Nd4
c5 19. Qb5 Bh3 20. gxh3 Qg5+ 21. Kf1 cxd4 22. Qxg5 hxg5 23. exd4 Rad8 24. Rb4 {
1/2-1/2 Doroshkievich,V-Zilberstein,V/USSR 1972 (47)}) 16. O-O {Endlich kann
Weiß seine Entwicklung beenden.} Bh3 {[%cal Rg6g2]} 17. Nh4 Qg5 {[%csl Rh4]} (
17... Qh5 18. Qb4 Be6 19. Nf3 Bxa2 20. Ra1 a5 21. Qa4 Be6 22. Nd4 Bd5 23. f3 f5
24. Nxc6 Qe8 25. Nxa5 Qxe3+ 26. Kh1 Qxc5 27. Rfc1 Qb6 28. Rcb1 Qe6 29. Re1 Qb6
30. Reb1 {1/2-1/2 Beliavsky,A-Tal,M/Moscow TV 1987}) 18. Qd4 $146 (18. Qb4 Rab8
19. Qf4 Qxf4 20. exf4 Be6 21. a3 Rb5 22. Rxb5 cxb5 23. Rb1 a6 24. Rc1 Rc8 25.
c6 Kf8 26. Nf3 Ke7 27. Nd4 $14 {Jusiak,G-Rotstein,A/Naleczow op 1989/1/2-1/2 
(56)}) 18... Rfd8 19. Qa4 Bg4 {[%csl Rh4][%cal Rg5h4]} (19... Rd2 $2 20. Qxc6
$16 {[%cal Rc6a8]}) 20. g3 Bh3 (20... Qxc5 $4 21. Qxg4 $18) 21. Rfc1 Qf6 {
Schwarz deckt seinen Pc6 und droht 20...g5 mit Angriff am Königsflügel zu
ziehen.} 22. Qf4 $6 (22. Rd1 $5 g5 23. Ng2 Qf3 24. Ne1 $16) 22... Qe6 $6 {
[%cal Re6a2,Rg7g5]} (22... Qxf4 23. gxf4 Rd2 $44 {[%csl Gd2,Rg1,Gh3]} 24. Nf3
Rxa2 25. Nd4 (25. Ne5 Rc8 $11) 25... Bd7 {[%csl Ga7][%cal Ga7a1]}) 23. Nf3 Qxa2
$13 {Schwarz hat materielles Gleichgewicht erreicht, aber seine Initiative am
Königsflügel ist nicht mehr gefährlich.} 24. g4 {[%csl Rh3][%cal Rf4g3]} Qe6 (
24... h5 25. gxh5 $14 (25. Ng5 $2 Bxg4 26. Ra1 Qd5 $17 {Und Schwarz kann den
Punkt f7 verteidigen.Ribli.})) 25. Nd4 Rxd4 $2 (25... Qxg4+ 26. Qxg4 Bxg4 27.
Nxc6 $5 {Der weiße Pc5 scheint - aufgrund der Unterstützung durch den Springer
und den Turm - gefährlich, aber auch Schwarz hat seinen entfernten Freibauern
auf a7.} Rd2 $11 (27... Re8 $5 $11) (27... Rd7 28. Ne5 $16 {[%cal Re5d7,Re5g4]}
) (27... Rd3 28. Ne5 $16 {[%cal Re5d3,Re5g4]}) (27... Rd5 28. Ne7+ $16 {
[%cal Re7d5,Re7g8]}) (27... Rdc8 28. Ne7+ $16 {[%cal Re7g8,Re7c8]})) 26. exd4 {
Nach diesem Qualitätsopfer besitzt Schwarz ein wenig Initiative am
Königsflügel, aber bei gutem Spiel sollte Weiß seinen Materialvorteil
verwerten können.} Rd8 $6 (26... Bxg4 $14) 27. f3 $16 {[%csl Rh3] Schwarz hat
nach wie vor Schwierigkeiten mit seinem Bh3.} h5 (27... Qe2 {[%cal Re2g2]} 28.
Qg3 Qe3+ 29. Kh1 $18 {[%csl Rh3]}) (27... Qa2 {[%cal Ra2g2]} 28. Qg3 $18) 28.
Re1 Qg6 (28... Qa2 29. Qg3 hxg4 30. fxg4 $18 {[%csl Rh3]}) 29. Rb8 {Jetzt
kommt Weiß zu Angriff.} Rxb8 30. Qxb8+ Kh7 31. Re8 {[%csl Rh7][%cal Rb8h8]
Droht 32.Rh8 Matt, und 31...Qb1 geht nicht. Der schwarze König befindet sich
in großer Not.} Qg5 (31... Qc2 {[%cal Rc2g2]} 32. Rh8+ Kg6 33. gxh5+ Kg5 (33...
Kf5 34. Qe5#) 34. Qg3+ Kf6 35. Qe5#) 32. Rh8+ Kg6 33. Qb1+ (33. Qd6+ $6 f6 34.
Qe6 Qc1+ 35. Kf2 Qf1+ 36. Kg3 (36. Ke3 Qe1+ $19) 36... Qg2+ 37. Kh4 Qf2+ 38.
Kxh3 Qxf3+ $11) 33... Kf6 (33... f5 34. Qxf5+ Qxf5 35. gxf5+ Bxf5 (35... Kxf5
36. Rxh5+ $18) 36. Ra8 $18 (36. d5 cxd5 (36... Bd7) 37. c6 $18)) 34. Qf5+ $18
Qxf5 35. gxf5 {Nach dem Damentausch hat Weiß großen Vorteil. Sein Turm ist
viel wertvoller als der schwarze Läufer.} Bxf5 (35... Kxf5 36. Rxh5+) 36. d5 $5
Bd7 (36... cxd5 37. c6 $18 {Schwarz muß seinen Läufer für den c-Bauern geben.
Der Turm gewinnt leicht gegen die Bauern.}) 37. d6 g6 (37... Ke6 38. Ra8 $18)
38. Ra8 Ke6 39. Rxa7 $22 {Und Schwarz gab dieses hoffnungslose Endspiel auf.}
1-0